000 01003nam a2200313 i 4500
001 000039137
003 DO-SdBNP
005 20250227073849.0
007 ta
008 091027s2012 dr r 000 j spa d
020 _a9789945489477
040 _aDO-SdBNP
_bspa
_cBNPHU
_erda
041 _aspa
082 4 _aRD863.44
_bA347ca
_222
100 1 _aAlcántara Almánzar, José
_d1946-
_eautor
_4aut.
_97018
245 1 0 _aCallejón sin salida /
_cJosé Alcántara Almánzar.
250 _aSegunda edición
264 4 _aSanto Domingo :
_bEditorial Santuario,
_c©2012.
300 _a146 páginas ;
_c22 cm.
336 _atexto
_btxt
_2rdacontent
337 _asin mediación
_bn
_2rdamedia
338 _avolumen
_bnc
_2rdacarrier
500 _aIncluye datos biográficos del autor en la solapa de la cubierta.
590 _aInventariado, 2019 / DG
650 4 _aCuentos dominicanos
_9176
650 4 _aLiteratura dominicana.
_967
910 _aValidado. Control de calidad. MFF
942 _2ddc
_cLBS1
999 _c38627
_d38627